<?xml version='1.0' encoding='UTF-8'?>
  <record xmlns="http://www.loc.gov/MARC21/slim">
    <leader>00000nam a22000007i 4500</leader>
    <controlfield tag="001">ocn974156483</controlfield>
    <controlfield tag="003">OCoLC</controlfield>
    <controlfield tag="005">20250402195710.4</controlfield>
    <controlfield tag="008">991018s1663    ne            000 0 dut d</controlfield>
    <datafield tag="040" ind1=" " ind2=" ">
      <subfield code="a">QGJ</subfield>
      <subfield code="b">dut</subfield>
      <subfield code="c">QGJ</subfield>
      <subfield code="d">OCLCL</subfield>
      <subfield code="d">OCLCQ</subfield>
    </datafield>
    <datafield tag="035" ind1=" " ind2=" ">
      <subfield code="a">(OCoLC)974156483</subfield>
    </datafield>
    <datafield tag="100" ind1="1" ind2=" ">
      <subfield code="a">Pers, Dirck Pietersz.</subfield>
    </datafield>
    <datafield tag="245" ind1="1" ind2="3">
      <subfield code="a">De laetste vernieuwde urania, of hemel-sangh :</subfield>
      <subfield code="b">zijnde het II. deel van Bellerophon, of lust tot wysheyt : waer in vele historiale en christlijcke gesangen, stichtlijcke liedekens en gedichten uytte Schriften des Ouden en Nieuwen Verbondts, tot opweckinghe des godtsaligen levens, leerlick werden voorgestelt /</subfield>
      <subfield code="c">door D. P. Pers ; allen menschen ter aendacht, soo wel tot lesen als singen vertoont ; en op nieuws deurgaens met nieuwe gevonden voysen verm., neffens andere treffelicke gesangen op musijck noten gestelt ; de musijck door Cornelis de Leeuw gecorr.</subfield>
    </datafield>
    <datafield tag="264" ind1=" " ind2="1">
      <subfield code="a">t' Amsterdam :</subfield>
      <subfield code="b">voor Willem van Beaumont,</subfield>
      <subfield code="c">[1663]</subfield>
    </datafield>
    <datafield tag="300" ind1=" " ind2=" ">
      <subfield code="a">220, [4] p. :</subfield>
      <subfield code="b">ill. ;</subfield>
      <subfield code="c">16 cm</subfield>
    </datafield>
    <datafield tag="336" ind1=" " ind2=" ">
      <subfield code="a">tekst</subfield>
      <subfield code="b">txt</subfield>
      <subfield code="2">rdacontent/dut</subfield>
    </datafield>
    <datafield tag="337" ind1=" " ind2=" ">
      <subfield code="a">zonder medium</subfield>
      <subfield code="b">n</subfield>
      <subfield code="2">rdamedia/dut</subfield>
    </datafield>
    <datafield tag="338" ind1=" " ind2=" ">
      <subfield code="a">band</subfield>
      <subfield code="b">nc</subfield>
      <subfield code="2">rdacarrier/dut</subfield>
    </datafield>
    <datafield tag="340" ind1=" " ind2=" ">
      <subfield code="m">8-o.</subfield>
    </datafield>
    <datafield tag="500" ind1=" " ind2=" ">
      <subfield code="a">Voor eerdere uitg. (anoniem verschenen) zie: Vernieuwde urania.</subfield>
    </datafield>
    <datafield tag="500" ind1=" " ind2=" ">
      <subfield code="a">Jaar van uitg. op titelblad: 1662.</subfield>
    </datafield>
    <datafield tag="562" ind1=" " ind2=" ">
      <subfield code="a">Binding note: LMY 254 dl 2.</subfield>
      <subfield code="5">NL-UtRU</subfield>
    </datafield>
    <datafield tag="510" ind1="0" ind2=" ">
      <subfield code="a">Landwehr, Emblem books Low C. 487</subfield>
    </datafield>
    <datafield tag="500" ind1=" " ind2=" ">
      <subfield code="a">Imprint: t'Amsterdam, voor Willem van Beaumont, boeck-verkooper, in de Kalver-straet, tusschen de Spaer-pot en S. Lucye-steegh, in de Witte Pers, 1662.</subfield>
    </datafield>
    <datafield tag="500" ind1=" " ind2=" ">
      <subfield code="a">Colophon: t'Amsterdam, gedruckt by Gabriel à Roy, voor aen op de Lauweriersgracht, aen de Noort-zij.</subfield>
    </datafield>
    <datafield tag="530" ind1=" " ind2=" ">
      <subfield code="a">Also available in online version.</subfield>
    </datafield>
    <datafield tag="700" ind1="1" ind2=" ">
      <subfield code="a">Leeuw, Cornelis de,</subfield>
      <subfield code="d">1613-1664.</subfield>
    </datafield>
    <datafield tag="758" ind1=" " ind2=" ">
      <subfield code="a">De laetste vernieuwde Urania, of, Hemel-sangh (Text)</subfield>
      <subfield code="1">https://id.oclc.org/worldcat/entity/E39PCGQprtMHRXbfY3jrgvdVJC</subfield>
      <subfield code="4">https://id.oclc.org/worldcat/ontology/hasWork</subfield>
    </datafield>
    <datafield tag="776" ind1="0" ind2="8">
      <subfield code="i">Online version:</subfield>
      <subfield code="a">Pers, Dirck Pietersz</subfield>
      <subfield code="t">De laetste vernieuwde urania, of hemel-sangh :</subfield>
      <subfield code="d">t' Amsterdam : voor Willem van Beaumont, [1663]</subfield>
    </datafield>
    <datafield tag="856" ind1="4" ind2="1">
      <subfield code="u">http://objects.library.uu.nl/reader/resolver.php?obj=000853256&amp;type=2</subfield>
      <subfield code="x">Online</subfield>
      <subfield code="z">Full text</subfield>
    </datafield>
    <datafield tag="936" ind1=" " ind2=" ">
      <subfield code="a">BATCHLOAD</subfield>
    </datafield>
  </record>